Statystyki dla Angielskie kluby z 4 poziomów rozgrywkowych

Kliknij tutaj aby rozwiązać quiz!

Ogólne statystyki

  • Ten quiz został rozwiązany 68 razy
  • Średni wynik to 36 z 92

Statystyki odpowiedzi

RozgrywkiKlub% Poprawnych
Premier LeagueManchester United
94%
Premier LeagueManchester City
92%
Premier LeagueChelsea
90%
Premier LeagueLiverpool
90%
Premier LeagueArsenal
88%
Premier LeagueAston Villa
84%
Premier LeagueTottenham Hotspur
78%
Premier LeagueEverton
76%
Premier LeagueLeicester City
74%
ChampionshipBurnley
72%
Premier LeagueWest Ham United
72%
Premier LeagueBrighton and Hove Albion
70%
Premier LeagueNewcastle United
70%
Premier LeagueBournemouth
68%
Premier LeagueFulham
68%
Premier LeagueLeeds United
68%
Premier LeagueSouthampton
68%
Premier LeagueCrystal Palace
66%
Premier LeagueNottingham Forest
66%
ChampionshipSheffield United
64%
ChampionshipSunderland
64%
Premier LeagueBrentford
62%
ChampionshipLuton Town
62%
ChampionshipNorwich City
62%
ChampionshipBlackburn Rovers
60%
ChampionshipBirmingham City
56%
League OneDerby County
54%
Premier LeagueWolverhampton Wanderers
54%
ChampionshipCardiff City
50%
League OneSheffield Wednesday
48%
ChampionshipWatford
48%
ChampionshipWest Bromwich Albion
46%
ChampionshipHull City
44%
League OneIpswich Town
44%
ChampionshipMillwall
44%
ChampionshipStoke City
44%
ChampionshipSwansea City
44%
League OneOxford United
42%
ChampionshipCoventry City
40%
ChampionshipQueens Park Rangers
40%
ChampionshipReading
40%
ChampionshipBristol City
38%
League OnePortsmouth
38%
League OneBolton Wanderers
36%
ChampionshipHuddersfield Town
36%
ChampionshipMiddlesbrough
36%
ChampionshipBlackpool
34%
ChampionshipWigan Athletic
34%
League OneBarnsley
32%
League OneCharlton Athletic
32%
ChampionshipPreston North End
32%
League TwoAFC Wimbledon
28%
League TwoBradford City
26%
League TwoGrimsby Town
26%
League OneMK Dons
26%
League OnePlymouth Argyle
26%
League OneCambridge United
24%
ChampionshipRotherham United
24%
League OneForest Green Rovers
22%
League OneMorecambe
22%
League OnePort Vale
22%
League OneWycombe Wanderers
22%
League OneBristol Rovers
20%
League TwoLeyton Orient
20%
League OneLincoln City
20%
League OneExeter City
18%
League TwoGillingham
18%
League TwoHarrogate Town
18%
League OneShrewsbury Town
18%
League TwoStevenage
18%
League TwoTranmere Rovers
18%
League OneBurton Albion
16%
League TwoColchester City
16%
League TwoDoncaster Rovers
16%
League OnePeterborough United
16%
League TwoWalsall
16%
League OneAccrington Stanley
14%
League OneCheltenham Town
14%
League TwoCrewe Alexandra
14%
League TwoRochdale
14%
League TwoSwindon Town
14%
League TwoBarrow
12%
League TwoCrawley Town
12%
League OneFleetwood Town
12%
League TwoHartlepool United
12%
League TwoNorthampton Town
12%
League TwoSalford City
12%
League TwoMansfield Town
10%
League TwoStockport County
10%
League TwoSutton United
8%
League TwoCarlise United
2%
League TwoNewport County AFC
2%

Rozkład punktacji

Percentyl według liczby udzielonych odpowiedzi

Procent ludzi z każdym wynikiem

Twoja historia wyników

Nie rozwiązałeś tego quizu